Las Características de la ciudadanía en Centroamérica durante el siglo XIX: Estudio de los distritos electorales de Quezaltenango y Granada /

Guardat en:
Dades bibliogràfiques
Autor principal: Avendaño Rojas, Xiomara
Format: Text
Matèries:
Etiquetes: Afegir etiqueta
Sense etiquetes, Sigues el primer a etiquetar aquest registre!

MARC

LEADER 00000 a a2200000 04500
001 15677
003
040
100 |a Avendaño Rojas, Xiomara  
245 |a Las Características de la ciudadanía en Centroamérica durante el siglo XIX:   |b Estudio de los distritos electorales de Quezaltenango y Granada /  |c Xiomara Avendaño Rojas 
650 |a NACIONALIDAD  
650 |a SISTEMAS ELECTORALES  
650 |a ELECCIONES  
650 |a HISTORIA  
773 |g número 5 -6; páginas 20-29  
999 |c 27412  |d 27412